Fast Typing "Christmas" in 4 Minutes!!!!!!!!!!!!!!!!!!!!!!!!!!!!!!!!!! - Statistics

General Stats
  • This quiz has been taken 155 times
    101 since last reset
  • The average score is 86 of 152
Answer Stats
Your Word % Correct
Christmas
100%
Christmas
98%
Christmas
95%
Christmas
93%
Christmas
91%
Christmas
89%
Christmas
87%
Christmas
87%
Christmas
85%
Christmas
84%
Christmas
84%
Christmas
84%
Christmas
84%
Christmas
84%
Christmas
84%
Christmas
82%
Christmas
82%
Christmas
80%
Christmas
80%
Christmas
80%
Christmas
80%
Christmas
80%
Christmas
80%
Christmas
76%
Christmas
76%
Christmas
75%
Christmas
75%
Christmas
75%
Christmas
75%
Christmas
75%
Christmas
75%
Christmas
73%
Christmas
73%
Christmas
73%
Christmas
73%
Christmas
73%
Christmas
73%
Christmas
73%
Christmas
69%
Christmas
69%
Christmas
69%
Christmas
69%
Christmas
69%
Christmas
69%
Christmas
69%
Christmas
69%
Christmas
69%
Christmas
69%
Christmas
69%
Christmas
69%
Christmas
67%
Christmas
67%
Christmas
67%
Christmas
67%
Christmas
67%
Christmas
67%
Christmas
67%
Christmas
67%
Christmas
67%
Christmas
65%
Christmas
65%
Christmas
65%
Christmas
64%
Christmas
64%
Christmas
64%
Christmas
64%
Christmas
64%
Christmas
64%
Christmas
64%
Christmas
62%
Christmas
62%
Christmas
62%
Christmas
62%
Christmas
60%
Christmas
60%
Christmas
60%
Christmas
60%
Christmas
60%
Christmas
60%
Christmas
60%
Christmas
58%
Christmas
58%
Christmas
58%
Christmas
58%
Christmas
56%
Christmas
55%
Christmas
55%
Christmas
55%
Christmas
55%
Christmas
53%
Christmas
53%
Christmas
51%
Christmas
49%
Christmas
47%
Christmas
47%
Christmas
45%
Christmas
45%
Christmas
45%
Christmas
45%
Christmas
45%
Christmas
45%
Christmas
45%
Christmas
45%
Christmas
45%
Christmas
45%
Christmas
45%
Christmas
44%
Christmas
42%
Christmas
42%
Christmas
40%
Christmas
40%
Christmas
40%
Christmas
38%
Christmas
38%
Christmas
38%
Christmas
38%
Christmas
38%
Christmas
38%
Christmas
38%
Christmas
36%
Christmas
35%
Christmas
33%
Christmas
33%
Christmas
31%
Christmas
31%
Christmas
31%
Christmas
31%
Christmas
31%
Christmas
31%
Christmas
31%
Christmas
31%
Christmas
31%
Christmas
31%
Christmas
31%
Christmas
31%
Christmas
31%
Christmas
29%
Christmas
29%
Christmas
29%
Christmas
29%
Christmas
29%
Christmas
29%
Christmas
29%
Christmas
29%
Christmas
29%
Christmas
29%
Christmas
29%
Christmas
29%
Christmas
29%
Christmas
29%
Christmas
29%
Christmas
29%
No matching quizzes found
Score Distribution
Percent of People with Each Score
Percentile by Number Answered
Your Score History
You have not taken this quiz since the last reset